[Event "European Rapid 2022"]
[Site "Katowice POL"]
[Date "2022.12.17"]
[Round "4.44"]
[White "Kruckenhauser, Arthur"]
[Black "Kosakowski, Jakub"]
[Result "0-1"]
[WhiteTitle "FM"]
[BlackTitle "IM"]
[WhiteElo "2339"]
[BlackElo "2475"]
[WhiteFideId "1642812"]
[BlackFideId "1185080"]
[EventDate "2022.12.17"]

1. e4 c6 2. Nf3 d5 3. Nc3 dxe4 4. Nxe4 Nf6 5. Qe2 Nxe4 6. Qxe4 Be6 7. d4 Bd5 8.
Qf4 Bxf3 9. Qxf3 Qxd4 10. Qb3 Qb6 11. Be3 Qxb3 12. axb3 a6 13. b4 e6 14. b5 cxb5
15. Bxb5+ Nd7 16. Ke2 O-O-O 17. Ba4 Be7 18. Rhd1 Nf6 19. Bd4 Rhg8 20. Bxf6 Bxf6
21. c3 Rxd1 22. Rxd1 h6 23. Bc2 Kc7 24. Be4 Rb8 25. Kd3 b5 26. Ra1 Rb6 27. Kc2
Be5 28. Bd3 f5 29. Re1 Bf6 30. f3 Rc6 31. g4 fxg4 32. fxg4 Kb6 33. h3 a5 34. Be4
Rc5 35. Bd3 Be5 36. Re4 a4 37. c4 b4 38. Re2 b3+ 39. Kb1 Kc7 40. Rd2 Bf6 41. Re2
Kd6 42. Re3 Ra5 43. Be2 a3 44. Rxb3 axb2 45. Rxb2 Bxb2 46. Kxb2 Kc5 47. h4 Kb4
48. h5 Rc5 49. Kc2 Rxc4+ 0-1

[Event "European Rapid 2022"]
[Site "Katowice POL"]
[Date "2022.12.17"]
[Round "4.45"]
[White "Kazakouski, Valery"]
[Black "Dehtiarov, Roman"]
[Result "1-0"]
[WhiteTitle "GM"]
[BlackTitle "FM"]
[WhiteElo "2539"]
[BlackElo "2300"]
[WhiteFideId "13507443"]
[BlackFideId "14186640"]
[EventDate "2022.12.17"]

1. Nf3 Nf6 2. c4 e6 3. g3 d5 4. b3 Be7 5. Bg2 O-O 6. O-O c5 7. e3 Nc6 8. Bb2 b6
9. Nc3 Bb7 10. cxd5 Nxd5 11. Nxd5 Qxd5 12. d4 Rfd8 13. Ne5 Qd6 14. Qf3 Nxe5 15.
Qxb7 Nd3 16. Ba3 Rab8 17. Qxa7 Rd7 18. Qa6 b5 19. Qxd6 Bxd6 20. Rfd1 c4 21. Bxd6
Rxd6 22. Bf1 Nb2 23. Rdc1 Rc6 24. bxc4 bxc4 25. a4 Rbc8 26. Rc3 g6 27. a5 Nd3
28. Bxd3 cxd3 29. Rxd3 Rc1+ 30. Rd1 R1c7 31. a6 Ra7 32. Ra2 Kf8 33. d5 Rd8 34.
e4 Rd6 35. e5 Rdxa6 36. Rxa6 Rxa6 37. d6 Ke8 38. Rb1 Ra8 39. Kg2 f6 40. Rb7 fxe5
41. Rxh7 Ra6 42. Re7+ Kf8 43. Rxe6 Kf7 44. d7 Ra8 45. Rxe5 1-0

[Event "European Rapid 2022"]
[Site "Katowice POL"]
[Date "2022.12.17"]
[Round "4.46"]
[White "Kuegel, Tobias"]
[Black "De Filomeno, Simone"]
[Result "0-1"]
[WhiteTitle "FM"]
[BlackTitle "IM"]
[WhiteElo "2309"]
[BlackElo "2450"]
[WhiteFideId "4636295"]
[BlackFideId "828688"]
[EventDate "2022.12.17"]

1. e4 c5 2. c4 Nc6 3. Ne2 g6 4. d4 cxd4 5. Nxd4 Nf6 6. Nc3 Nxd4 7. Qxd4 d6 8.
Be3 Bg7 9. Be2 O-O 10. Qd2 a5 11. O-O a4 12. f3 Qa5 13. Rab1 Be6 14. Rfc1 Rfc8
15. Nd5 Qxd2 16. Bxd2 Nxd5 17. cxd5 Bd4+ 18. Kf1 Bd7 19. Rxc8+ Rxc8 20. Bd3 Be5
21. h3 f5 22. Ke2 Kf7 23. Bc3 Kf6 24. Rc1 Rc5 25. f4 Bxc3 26. Rxc3 fxe4 27. Bxe4
Rb5 28. b3 a3 29. Ke3 h5 30. h4 Bf5 31. Rc4 Rc5 32. Kd4 b5 33. Rxc5 dxc5+ 34.
Ke3 Bc8 35. Bd3 Bb7 36. Be4 b4 37. Kd3 Ba6+ 38. Kc2 c4 39. bxc4 Bxc4 40. Kb1 Be2
41. Kc2 Bc4 42. Kb1 Bb5 43. Kc2 Ba4+ 44. Kb1 Bd1 45. g3 Bg4 46. Kc2 Bf5 47. Bxf5
Kxf5 48. Kb3 Kg4 49. Kxb4 Kxg3 50. Kxa3 Kxh4 51. Kb4 Kg4 52. a4 h4 53. a5 h3 54.
a6 h2 55. a7 h1=Q 56. a8=Q Qe4+ 57. Kc5 Qxf4 58. Qc8+ Qf5 59. Qe8 Qc2+ 60. Kd4
Qb2+ 61. Kc5 Qa3+ 62. Kd4 Qb4+ 63. Kd3 Qd6 64. Ke4 Qf4+ 65. Kd3 Qf5+ 66. Kd4
Qf6+ 67. Ke4 g5 68. Qc8+ Kg3 69. Qf5 Qxf5+ 70. Kxf5 Kf3 71. Kxg5 Ke4 72. Kg4
Kxd5 73. Kf4 e6 74. Kf3 Kd4 75. Ke2 Ke4 76. Kd2 Kf3 77. Ke1 e5 78. Kf1 Ke3 79.
Ke1 e4 80. Kf1 Kd2 0-1

[Event "European Rapid 2022"]
[Site "Katowice POL"]
[Date "2022.12.17"]
[Round "4.47"]
[White "Domenech, Vianney"]
[Black "Drozdowski, Kacper"]
[Result "0-1"]
[BlackTitle "IM"]
[WhiteElo "2249"]
[BlackElo "2448"]
[WhiteFideId "656089"]
[BlackFideId "1136720"]
[EventDate "2022.12.17"]

1. d4 d6 2. Bf4 Nd7 3. Nf3 g6 4. e4 Bg7 5. Nc3 e5 6. dxe5 dxe5 7. Bg5 Ngf6 8.
Nd5 c6 9. Nxf6+ Bxf6 10. Bh6 Qb6 11. Bc4 Qxb2 12. O-O Qb4 13. Nd2 Qe7 14. Qf3
Nc5 15. Rab1 b5 16. Be3 Ne6 17. Bxe6 Qxe6 18. Nb3 Be7 19. h3 O-O 20. Nc5 Qxa2
21. c4 Qa5 22. cxb5 cxb5 23. Rfc1 b4 24. Qg3 Bf6 25. Qf3 Bg7 26. Nb3 Qb5 27. Ra1
a5 28. Rc5 Qd3 29. Rcxa5 Rxa5 30. Nxa5 b3 31. Bc5 b2 32. Rd1 Rd8 33. Qxd3 Rxd3
34. Rb1 Rc3 35. Be3 Rc2 36. Rd1 Be6 37. Kh2 Bf8 38. Nb3 Bxb3 0-1

[Event "European Rapid 2022"]
[Site "Katowice POL"]
[Date "2022.12.17"]
[Round "4.48"]
[White "Saraci, Nderim"]
[Black "Saraci, Korab"]
[Result "1-0"]
[WhiteTitle "IM"]
[WhiteElo "2468"]
[BlackElo "2192"]
[WhiteFideId "6351921"]
[BlackFideId "4701968"]
[EventDate "2022.12.17"]

1. d4 Nf6 2. Bf4 e6 3. e3 c5 4. c3 d5 5. Nd2 Bd6 6. Bg3 Nc6 7. Ngf3 Qc7 8. dxc5
Bxg3 9. hxg3 e5 10. b4 Bg4 11. Be2 e4 12. Nd4 Ne5 13. Nb5 Qd7 14. Nd6+ Kf8 15.
O-O h5 16. f3 Bh3 17. fxe4 h4 18. Qe1 dxe4 19. gxh4 Neg4 20. Qg3 1-0

[Event "European Rapid 2022"]
[Site "Katowice POL"]
[Date "2022.12.17"]
[Round "4.49"]
[White "Cramling, Pia"]
[Black "Bochnickova, Andrea"]
[Result "1-0"]
[WhiteTitle "GM"]
[WhiteElo "2463"]
[BlackElo "2038"]
[WhiteFideId "1700030"]
[BlackFideId "14901781"]
[EventDate "2022.12.17"]

1. d4 Nf6 2. c4 c5 3. d5 b5 4. cxb5 a6 5. e3 d6 6. Nc3 g6 7. e4 Bg7 8. a4 O-O 9.
Bd2 axb5 10. Bxb5 Ba6 11. Nf3 Bxb5 12. axb5 Nbd7 13. O-O Qb6 14. h3 Rxa1 15.
Qxa1 Rb8 16. Qa6 Ne8 17. Qxb6 Nxb6 18. Ra1 Nc4 19. Bc1 Nc7 20. Ra4 Nb6 21. Ra7
Bxc3 22. Rxc7 Bf6 23. b3 Kf8 24. Nd2 Ke8 25. Nc4 Kd8 26. Rc6 Nd7 27. b6 Rb7 28.
Bd2 Ne5 29. Nxe5 Bxe5 30. Kf1 Kd7 31. Ke2 e6 32. Kd3 Bd4 33. f3 e5 34. Kc4 f5
35. Kb5 c4 36. bxc4 fxe4 37. fxe4 h5 38. Ba5 Rb8 39. Rc7+ Ke8 40. b7 Ba7 41. Kc6 1-0

[Event "European Rapid 2022"]
[Site "Katowice POL"]
[Date "2022.12.17"]
[Round "4.50"]
[White "Wisniewski, Michal"]
[Black "Drazic, Sinisa"]
[Result "1-0"]
[WhiteTitle "FM"]
[BlackTitle "GM"]
[WhiteElo "2168"]
[BlackElo "2372"]
[WhiteFideId "1159682"]
[BlackFideId "901172"]
[EventDate "2022.12.17"]

1. Nf3 d6 2. e4 Nf6 3. Nc3 a6 4. a4 Nc6 5. d4 Bg4 6. Be2 e6 7. Be3 Be7 8. Qd2 d5
9. exd5 exd5 10. O-O O-O 11. Rfe1 Bb4 12. Bg5 Be6 13. h3 h6 14. Bh4 Re8 15. Bf1
Kh8 16. Ne5 g5 17. Bg3 Ne4 18. Qd3 Nxe5 19. dxe5 Bf5 20. Qf3 Bg6 21. Nxe4 dxe4
22. Rxe4 Bf8 23. Bd3 Bg7 24. Re3 c6 25. Bxg6 fxg6 26. Rd1 Qe7 27. Qe4 Qf7 28. e6
Qf5 29. Qxf5 gxf5 30. Be5 Re7 31. Bd6 Ree8 32. e7 f4 33. Re4 b5 34. Bc5 Kg8 35.
b3 Kf7 36. Rd6 Rac8 37. Ree6 Rxe7 38. Rxe7+ Kxe7 39. Rxc6+ Kd7 40. Rxc8 Kxc8 41.
axb5 axb5 42. Kf1 Kd7 43. Ke2 Kc6 44. Bb4 Kd5 45. Kd3 Be5 46. c4+ bxc4+ 47.
bxc4+ Ke6 48. Ke4 Bg7 49. f3 Bf6 50. Bf8 Kf7 51. Bxh6 Ke6 52. h4 gxh4 53. Bxf4
Be7 54. Be3 Bd6 55. f4 Be7 56. Bd4 Bd8 57. f5+ Kd7 58. Kd5 Bg5 59. Be5 1-0

[Event "European Rapid 2022"]
[Site "Katowice POL"]
[Date "2022.12.17"]
[Round "4.51"]
[White "Costachi, Mihnea"]
[Black "Olde, Margareth"]
[Result "1-0"]
[WhiteTitle "IM"]
[BlackTitle "WIM"]
[WhiteElo "2476"]
[BlackElo "2244"]
[WhiteFideId "1217518"]
[BlackFideId "4503082"]
[EventDate "2022.12.17"]

1. d4 d5 2. c4 e6 3. Nc3 a6 4. cxd5 exd5 5. Nf3 c6 6. Qc2 Nf6 7. Bg5 Be6 8. e3
Nbd7 9. Bd3 Bd6 10. Bf4 Qc7 11. Qd2 h6 12. O-O O-O 13. Rfe1 Rfe8 14. h3 Nh5 15.
Bxd6 Qxd6 16. Rad1 g6 17. a3 f5 18. b4 Kg7 19. Na4 b5 20. Nc5 Nxc5 21. bxc5 Qe7
22. Ne5 Rec8 23. g4 Nf6 24. f3 Nd7 25. Nxd7 Qxd7 26. Bc2 a5 27. Kh1 Rf8 28. Qd3
Qf7 29. Rf1 a4 30. Qd2 Qf6 31. Qh2 Ra7 32. Bd3 Rd7 33. Be2 f4 34. Qg1 fxe3 35.
Qxe3 Re7 36. Qd2 Qf4 37. Kg2 Qxd2 38. Rxd2 g5 39. Bd1 Bg8 40. Re2 Rxe2+ 41. Bxe2
Bh7 42. Kf2 Kf6 43. Rh1 Rb8 44. h4 gxh4 45. Rxh4 Kg7 46. Rh1 b4 47. axb4 Rxb4
48. Ke3 a3 49. Ra1 Rb3+ 50. Kf4 Bb1 51. Ke5 a2 52. Kd6 Kf7 53. Kxc6 Ke6 54. f4
Re3 55. Ba6 Re1 56. Kb6 Rc1 57. f5+ Kd7 58. f6 Rc3 59. f7 Rb3+ 60. Bb5+ Ke7 61.
c6 Bd3 62. c7 Bxb5 63. f8=Q+ Kxf8 64. c8=Q+ Be8+ 65. Ka5 Ra3+ 66. Kb4 Ra4+ 67.
Kb3 1-0

[Event "European Rapid 2022"]
[Site "Katowice POL"]
[Date "2022.12.17"]
[Round "4.52"]
[White "Stevanic, David"]
[Black "Akesson, Ralf"]
[Result "0-1"]
[WhiteTitle "FM"]
[BlackTitle "GM"]
[WhiteElo "2249"]
[BlackElo "2404"]
[WhiteFideId "14613921"]
[BlackFideId "1700120"]
[EventDate "2022.12.17"]

1. e4 c6 2. d4 d5 3. exd5 cxd5 4. c4 Nf6 5. Nc3 e6 6. Nf3 Bb4 7. Bg5 O-O 8. Bd3
dxc4 9. Bxc4 Qc7 10. Qd3 Nbd7 11. O-O Bxc3 12. bxc3 b6 13. Rfe1 Bb7 14. Bb3 Rac8
15. Rac1 Qd6 16. Bxf6 Nxf6 17. Ne5 Rc7 18. Re3 Rd8 19. Rce1 Nd5 20. Rh3 g6 21.
Qd2 Qf8 22. Ng4 h5 23. Ne5 Qg7 24. g4 f6 25. Nd3 hxg4 26. Rg3 f5 27. Rxe6 Re7
28. Rxe7 Qxe7 29. Qh6 Qg7 30. Qg5 Re8 31. Nf4 Re1+ 32. Kg2 Qf7 33. Qd8+ Re8 34.
Qxd5 Kg7 35. f3 Bxd5 36. Bxd5 Qd7 37. fxg4 fxg4 38. h3 g5 39. Ne6+ Rxe6 40. Bxe6
Qxe6 41. Rxg4 Kf6 42. a4 Qe2+ 43. Kh1 Qf3+ 44. Kh2 Qxc3 0-1

[Event "European Rapid 2022"]
[Site "Katowice POL"]
[Date "2022.12.17"]
[Round "4.53"]
[White "Wojdak, Jan"]
[Black "Batsiashvili, Nino"]
[Result "1/2-1/2"]
[BlackTitle "GM"]
[WhiteElo "2115"]
[BlackElo "2493"]
[WhiteFideId "21817111"]
[BlackFideId "13602993"]
[EventDate "2022.12.17"]

1. e4 e5 2. Nf3 Nc6 3. Bb5 Nge7 4. O-O Ng6 5. c3 d6 6. d4 Bd7 7. h3 Be7 8. Be3
O-O 9. dxe5 Ncxe5 10. Bxd7 Qxd7 11. Nd4 Nh4 12. Nd2 c5 13. N4f3 Nexf3+ 14. Nxf3
Qe6 15. Nxh4 Bxh4 16. Re1 Rfe8 17. Bf4 Rad8 18. Qd5 Qxd5 19. exd5 Kf8 20. g4 h6
21. b4 c4 22. a4 Bf6 23. Rxe8+ Kxe8 24. Re1+ Kd7 25. Re4 Rc8 26. Bd2 b6 27. f4
a6 28. Re1 Bh4 29. Re2 b5 30. a5 Re8 31. Rxe8 Kxe8 32. Kg2 Bf6 33. Kf3 g6 34.
Ke4 Ke7 35. Be1 Bg7 36. Bd2 Bf6 37. Be1 Bg7 1/2-1/2

[Event "European Rapid 2022"]
[Site "Katowice POL"]
[Date "2022.12.17"]
[Round "4.54"]
[White "Pidluznij, Gleb"]
[Black "Arkell, Keith C"]
[Result "1-0"]
[BlackTitle "GM"]
[WhiteElo "2159"]
[BlackElo "2406"]
[WhiteFideId "12817082"]
[BlackFideId "400270"]
[EventDate "2022.12.17"]

1. e4 c6 2. d4 d5 3. exd5 cxd5 4. Bd3 Nc6 5. c3 Nf6 6. Bf4 Bg4 7. Qb3 Qd7 8. Nd2
e6 9. Ngf3 Bd6 10. Bxd6 Qxd6 11. O-O O-O 12. Rfe1 Qc7 13. Ne5 Bh5 14. h3 Bg6 15.
Bxg6 hxg6 16. Rac1 Rab8 17. Qc2 Rfc8 18. Qd3 b5 19. b4 Nxe5 20. Rxe5 a5 21. bxa5
Qxa5 22. Rc2 Qa4 23. Re2 Rc7 24. Nb3 Ne4 25. f3 Nd6 26. Nc5 Qa3 27. Rb2 Ra7 28.
Rec2 Qa5 29. Rb4 Qd8 30. Qd1 Rba8 31. Qb1 Qg5 32. Re2 Kh7 33. Rb3 Rc8 34. Qd3
Rac7 35. Rb1 Qf5 36. Qxf5 gxf5 37. Rb4 Ra7 38. a4 bxa4 39. Nxa4 f4 40. Nc5 Ra3
41. Rc2 Nf5 42. Rb7 Ne3 43. Rc1 Kg6 44. Nd3 Raxc3 45. Rxc3 Rxc3 46. Nxf4+ Kf6
47. Nh5+ Kg5 48. Nxg7 Kg6 49. Ne8 Rc2 50. g4 Rg2+ 51. Kh1 Rf2 52. Nd6 Rxf3 53.
Kh2 Nc2 54. h4 Nxd4 55. h5+ Kg7 56. g5 Rf4 57. Ne8+ Kf8 58. Nf6 Nf5 59. g6 fxg6
60. hxg6 Ne7 61. g7+ Kxg7 62. Nh5+ Kg6 63. Nxf4+ Kf6 64. Rb6 1-0

[Event "European Rapid 2022"]
[Site "Katowice POL"]
[Date "2022.12.17"]
[Round "4.55"]
[White "Kumor, Lukasz"]
[Black "Monroy, Charles"]
[Result "0-1"]
[BlackTitle "IM"]
[WhiteElo "2052"]
[BlackElo "2395"]
[WhiteFideId "1120573"]
[BlackFideId "621641"]
[EventDate "2022.12.17"]

1. e4 e5 2. Nf3 Nc6 3. d4 exd4 4. Nxd4 Bc5 5. Nb3 Bb6 6. Nc3 Nf6 7. Bg5 O-O 8.
Qe2 Nd4 9. Qd2 Nxb3 10. axb3 Re8 11. Bd3 h6 12. Bxf6 Qxf6 13. O-O c6 14. Kh1 d6
15. f4 Bg4 16. Rae1 Rad8 17. f5 Bh5 18. h3 Qh4 19. Kh2 Bd4 20. g3 Be5 21. Qg2
Qg5 22. Rg1 Qe7 23. Kh1 f6 24. Bc4+ Bf7 25. Bxf7+ Qxf7 26. Kh2 Re7 27. Re2 Rde8
28. Rge1 a5 29. Qf3 b5 30. Kg2 Kh7 31. Nd1 a4 32. b4 Qa2 33. c3 a3 34. bxa3 Qxa3
35. Nf2 Qxc3 36. Qxc3 Bxc3 37. Rc1 Bxb4 38. Rxc6 Bc5 39. Nd3 Rxe4 40. Rxe4 Rxe4
41. Nxc5 dxc5 42. Rxc5 Re5 43. Rc6 Rxf5 44. Rb6 Rc5 45. Kf3 Kg6 46. Rb7 Rc3+ 47.
Kf2 Rc5 48. Kf3 h5 49. Kf2 Kh6 50. Kf3 g5 51. Rb6 Kg6 52. h4 g4+ 53. Kf2 Rf5+
54. Kg2 Kf7 55. Rd6 Ke7 56. Rd4 Ke6 57. Rd8 Ke5 58. Rd7 Ke4 59. Rd6 Ke3 60. Rd7
Rc5 61. Rd6 f5 62. Rh6 Rc2+ 63. Kg1 Kf3 64. Rg6 Kxg3 65. Kf1 Kxh4 66. Rf6 Kg5
67. Rb6 Rb2 68. Kg1 h4 69. Kf1 h3 70. Kg1 Kf4 71. Kf1 Ke5 0-1

[Event "European Rapid 2022"]
[Site "Katowice POL"]
[Date "2022.12.17"]
[Round "4.56"]
[White "Jarmula, Lukasz"]
[Black "Kucharska, Honorata"]
[Result "0-1"]
[WhiteTitle "GM"]
[BlackTitle "WFM"]
[WhiteElo "2469"]
[BlackElo "2180"]
[WhiteFideId "1160664"]
[BlackFideId "1163868"]
[EventDate "2022.12.17"]

1. e4 e6 2. d4 d5 3. Nd2 c5 4. Ngf3 Nc6 5. exd5 exd5 6. Bb5 Bd6 7. O-O Ne7 8.
dxc5 Bxc5 9. Nb3 Bd6 10. Re1 O-O 11. Bd3 Bf5 12. c3 Qd7 13. Bxf5 Nxf5 14. Qd3
Rfe8 15. Bd2 Rad8 16. g3 Bf8 17. Kg2 Rxe1 18. Rxe1 d4 19. c4 b6 20. a3 a5 21.
Bg5 f6 22. Bd2 a4 23. Nc1 Bc5 24. Na2 Nfe7 25. Nb4 Bxb4 26. axb4 Ng6 27. Qe4
Nce5 28. Nxe5 Nxe5 29. Rc1 Rc8 30. c5 b5 31. Bf4 Qc6 32. Qxc6 Nxc6 33. Bd2 Re8
34. Kf1 Kf7 35. Rd1 Ra8 36. Be1 Ke6 37. g4 Kd5 38. Rd3 Ne5 39. Rg3 Nc4 40. b3 a3
41. bxc4+ Kxc4 42. Rxa3 Rxa3 43. Ke2 Kd5 44. f3 Ra2+ 45. Bd2 g6 46. h4 f5 47.
gxf5 gxf5 48. h5 Ra8 49. Kd3 Rg8 50. Bf4 Ra8 51. h6 Ra3+ 52. Ke2 Ra2+ 53. Bd2
Kc4 54. c6 Ra8 55. c7 Rc8 56. Bf4 Kxb4 57. Kd3 Kc5 58. Be5 Kd5 59. f4 b4 60. Kc2
Kc4 61. Kb2 b3 62. Kc1 Kc3 63. Kb1 b2 64. Bd6 d3 65. Be5+ Kb3 66. Bxb2 d2 0-1

[Event "European Rapid 2022"]
[Site "Katowice POL"]
[Date "2022.12.17"]
[Round "4.57"]
[White "Dzierzak, Radoslaw"]
[Black "Diermair, Andreas"]
[Result "1-0"]
[WhiteTitle "FM"]
[BlackTitle "GM"]
[WhiteElo "2211"]
[BlackElo "2446"]
[WhiteFideId "1161407"]
[BlackFideId "1612468"]
[EventDate "2022.12.17"]

1. e4 e5 2. Nf3 Nc6 3. Bc4 Bc5 4. O-O Nf6 5. d3 a6 6. c3 Ba7 7. Bb3 h6 8. Nbd2
O-O 9. h3 d6 10. Re1 Ne7 11. Nf1 Ng6 12. Ng3 c6 13. d4 Re8 14. Bd2 Qc7 15. Qc1
d5 16. dxe5 Nxe5 17. Nxe5 Qxe5 18. Bf4 Qe7 19. exd5 Qxe1+ 20. Qxe1 Rxe1+ 21.
Rxe1 cxd5 22. Be5 Be6 23. Bxf6 gxf6 24. Nh5 Rd8 25. Nxf6+ Kg7 26. Nh5+ Kg6 27.
Nf4+ Kf5 28. Ne2 Kf6 29. Nd4 Bc5 30. f4 b5 31. Kf2 b4 32. Kf3 bxc3 33. bxc3 Rc8
34. Re3 h5 35. g4 hxg4+ 36. hxg4 Bb6 37. g5+ Kg6 38. Bc2+ Kh5 39. f5 Bxd4 40.
cxd4 Rxc2 41. fxe6 fxe6 42. Kf4 Rf2+ 43. Ke5 Rxa2 44. Kxe6 Kxg5 45. Kxd5 Kf6 46.
Kd6 a5 47. Rf3+ Kg7 48. d5 a4 49. Ke7 Re2+ 50. Kd7 Rb2 51. d6 Rb3 52. Rf1 a3 53.
Ke7 Re3+ 54. Kd8 a2 55. d7 Re2 56. Rd1 Kf7 57. Kc7 Rc2+ 58. Kd6 1-0

[Event "European Rapid 2022"]
[Site "Katowice POL"]
[Date "2022.12.17"]
[Round "4.58"]
[White "Paprocki, Jaroslaw"]
[Black "Grinev, Valeriy"]
[Result "1/2-1/2"]
[BlackTitle "IM"]
[WhiteElo "2158"]
[BlackElo "2425"]
[WhiteFideId "1122274"]
[BlackFideId "14117517"]
[EventDate "2022.12.17"]

1. d4 Nf6 2. c4 c5 3. d5 b5 4. cxb5 a6 5. b6 e6 6. Nc3 Nxd5 7. Nxd5 exd5 8. Qxd5
Nc6 9. e4 Be7 10. Nf3 Qxb6 11. Bc4 O-O 12. O-O d6 13. Qh5 Be6 14. Bxe6 fxe6 15.
Bg5 Ra7 16. Rad1 Nd4 17. Nxd4 cxd4 18. Bxe7 Rxe7 19. e5 Qc5 20. Qe2 dxe5 21.
Rfe1 Rf5 22. Qxa6 Qd5 23. b3 Rg5 24. g3 h5 25. Qc8+ Kf7 26. Qc2 Ra7 27. Rd2 Kf6
28. Qe4 Rf5 29. Kg2 h4 30. f3 hxg3 31. hxg3 Rc7 32. Qh4+ Kf7 33. Qe4 Rc3 34. f4
exf4 35. gxf4 g5 36. Qxd5 Rxd5 37. Re4 d3 38. fxg5 Rxg5+ 39. Kf3 Rh5 40. Re3 Rd5
41. Ke4 Rc2 42. Rdxd3 Rxd3 43. Kxd3 1/2-1/2

[Event "European Rapid 2022"]
[Site "Katowice POL"]
[Date "2022.12.17"]
[Round "4.59"]
[White "Langheinrich, Ferenc"]
[Black "Mondrzycki, Bartlomiej"]
[Result "1-0"]
[WhiteTitle "IM"]
[BlackTitle "CM"]
[WhiteElo "2381"]
[BlackElo "2264"]
[WhiteFideId "4641973"]
[BlackFideId "1137476"]
[EventDate "2022.12.17"]

1. e4 c5 2. b3 g6 3. Bb2 Nf6 4. e5 Nd5 5. Nc3 Nxc3 6. dxc3 Bg7 7. Nf3 O-O 8. Qe2
Nc6 9. O-O-O d6 10. Kb1 Nxe5 11. Nxe5 Bxe5 12. h4 e6 13. g3 Bg7 14. h5 d5 15. f4
Qf6 16. Qh2 Rd8 17. Re1 b6 18. hxg6 hxg6 19. g4 d4 20. cxd4 Rxd4 21. Bd3 Bb7 22.
g5 Qe7 23. Qh7+ Kf8 24. Rh4 Qd6 25. Re3 Rd8 26. a4 a6 27. Ka2 b5 28. Bxg6 fxg6
29. Qxg6 Bd5 30. Reh3 Rxa4+ 31. Kb1 Be4 32. Qxg7+ Ke8 33. Rh8+ 1-0

[Event "European Rapid 2022"]
[Site "Katowice POL"]
[Date "2022.12.17"]
[Round "4.60"]
[White "Kacprzak, Kacper"]
[Black "Haydon, David L"]
[Result "1-0"]
[BlackTitle "FM"]
[WhiteElo "2289"]
[BlackElo "2289"]
[WhiteFideId "21819319"]
[BlackFideId "415405"]
[EventDate "2022.12.17"]

1. e4 c6 2. d4 d5 3. e5 Bf5 4. Nf3 e6 5. Be2 Nd7 6. O-O Ne7 7. Nbd2 c5 8. c4 Rc8
9. cxd5 Nxd5 10. Nc4 Be7 11. Qb3 b6 12. Bg5 f6 13. exf6 gxf6 14. Ne3 Be4 15. Nd2
Bg6 16. Nxd5 exd5 17. Bh6 Bf8 18. Bxf8 Kxf8 19. Qxd5 cxd4 20. Qxd4 Ne5 21. Qb4+
Kg7 22. Nf3 Nxf3+ 23. Bxf3 Rc5 24. Rad1 Qc7 25. Qg4 Rd8 26. Rxd8 Qxd8 27. Rd1
Re5 28. h4 Qb8 29. h5 Rxh5 30. Qd7+ Kh6 31. Bxh5 Bxh5 32. Qd6 Qh8 33. Qf4+ Kg6
34. g4 1-0

[Event "European Rapid 2022"]
[Site "Katowice POL"]
[Date "2022.12.17"]
[Round "4.61"]
[White "Morgunov, Marc"]
[Black "Lajbl, Jan"]
[Result "1-0"]
[WhiteTitle "FM"]
[WhiteElo "2402"]
[BlackElo "2225"]
[WhiteFideId "1640305"]
[BlackFideId "390240"]
[EventDate "2022.12.17"]

1. e4 e6 2. d3 d5 3. Nd2 Nf6 4. Ngf3 Nc6 5. c3 dxe4 6. dxe4 e5 7. Bc4 a5 8. Ng5
Be6 9. Bxe6 fxe6 10. Qb3 Qd7 11. Qxe6+ Qxe6 12. Nxe6 Kd7 13. Nxf8+ Rhxf8 14. O-O
Ke6 15. a4 Rad8 16. f3 Nh5 17. Nc4 Nf4 18. Bxf4 Rxf4 19. Rad1 Rdf8 20. Rd5 g5
21. Ne3 b6 22. Rfd1 R8f7 23. Nf5 h5 24. Rd6+ cxd6 25. Rxd6# 1-0

[Event "European Rapid 2022"]
[Site "Katowice POL"]
[Date "2022.12.17"]
[Round "4.62"]
[White "Bazilius, Augustinas"]
[Black "Zimina, Olga"]
[Result "1/2-1/2"]
[BlackTitle "IM"]
[WhiteElo "2118"]
[BlackElo "2295"]
[WhiteFideId "12832251"]
[BlackFideId "4132190"]
[EventDate "2022.12.17"]

1. d4 d5 2. c4 c6 3. Nf3 Nf6 4. g3 Bf5 5. Nc3 e6 6. Nh4 Bg6 7. Qb3 Qb6 8. c5
Qxb3 9. axb3 Na6 10. Nxg6 hxg6 11. Ra4 Nc7 12. e3 a6 13. Be2 Be7 14. O-O O-O-O
15. Bd2 Rh3 16. Kg2 Rdh8 17. Rh1 Bd8 18. Raa1 Nce8 19. Bf3 g5 20. b4 Bc7 21.
Rae1 g4 22. Be2 g6 23. Ra1 Ng7 24. Rab1 e5 25. dxe5 Bxe5 26. Na4 Ne6 27. Rbe1
Kc7 28. Bc3 R3h5 29. Nb6 Rf5 30. Bd3 Ne4 31. Bxe4 dxe4 32. Rd1 Bxc3 33. Rd7+ Kb8
34. bxc3 Re8 35. Rhd1 1/2-1/2

[Event "European Rapid 2022"]
[Site "Katowice POL"]
[Date "2022.12.17"]
[Round "4.63"]
[White "Karolczuk, Iwo"]
[Black "Caprino, Marco"]
[Result "1-0"]
[WhiteTitle "FM"]
[WhiteElo "2327"]
[BlackElo "2074"]
[WhiteFideId "21816972"]
[BlackFideId "841323"]
[EventDate "2022.12.17"]

1. e4 c5 2. Nc3 g6 3. d4 cxd4 4. Qxd4 Nf6 5. Be3 Nc6 6. Qd2 Ng4 7. Bf4 Bg7 8. f3
Nge5 9. O-O-O d6 10. h4 h5 11. Kb1 Be6 12. Nd5 a6 13. Nh3 Rc8 14. Be3 Bxd5 15.
exd5 Nb8 16. Bd4 Qc7 17. f4 Nf3 18. gxf3 Bxd4 19. f5 gxf5 20. Bd3 Bf6 21. Bxf5
Qb6 22. c4 Nd7 23. Rc1 Rc5 24. f4 Qc7 25. Qe2 Nb6 26. b3 a5 27. Ng5 a4 28. Ne4
Bd4 29. Qd2 Bg7 30. Rhg1 Bh6 31. Nxc5 dxc5 32. Rcf1 Nc8 33. Qc3 Rf8 34. Bxc8
Qxc8 35. Qe5 Qh3 36. Re1 Kd8 37. Qxe7+ Kc8 38. Qxc5+ Kb8 39. Qe3 Qxh4 40. d6
Bxf4 41. Qe7 Qxe7 42. dxe7 Re8 43. Rgf1 Bd2 44. Rxf7 Kc7 45. Rf8 Bxe1 46. Rxe8
Kd7 47. Rh8 Kxe7 48. Rxh5 axb3 49. Re5+ 1-0

[Event "European Rapid 2022"]
[Site "Katowice POL"]
[Date "2022.12.17"]
[Round "4.64"]
[White "Kazmierowski, Tymon"]
[Black "Molenda, Marcin"]
[Result "0-1"]
[BlackTitle "FM"]
[WhiteElo "1900"]
[BlackElo "2381"]
[WhiteFideId "21863911"]
[BlackFideId "1173065"]
[EventDate "2022.12.17"]

1. Nf3 Nf6 2. g3 d5 3. Bg2 c5 4. O-O Nc6 5. d4 cxd4 6. Nxd4 Bd7 7. c4 e5 8. Nxc6
Bxc6 9. Bg5 d4 10. Bxc6+ bxc6 11. Qa4 Qd7 12. Nd2 Bd6 13. c5 Bc7 14. Bxf6 gxf6
15. Ne4 Ke7 16. Rac1 Rhb8 17. b3 Qd5 18. Nd2 a5 19. Qc4 Qxc4 20. Rxc4 Ke6 21.
Kg2 f5 22. Rfc1 f6 23. Nf3 Rb5 24. Rd1 a4 25. b4 a3 26. Rb1 Ra4 27. Rb3 Kd5 28.
Nd2 e4 29. e3 dxe3 30. fxe3 Be5 31. h3 h5 32. g4 hxg4 33. hxg4 fxg4 34. Rxe4 Ke6
35. Rxg4 Rxc5 36. bxc5 Rxg4+ 37. Kf3 Ra4 38. Nb1 Bb2 39. e4 Ke5 40. Nd2 Kd4 41.
Ke2 Kxc5 42. Rf3 Kd6 43. Kd3 Rd4+ 44. Kc2 Ke6 45. Rd3 Ra4 46. Kb3 Ra8 47. Nc4
Rb8+ 48. Kc2 c5 49. Nxa3 Bd4 50. Rb3 Ra8 51. Kd3 Ke5 52. Nc4+ Kf4 53. a3 Rh8 54.
Rb1 Rh3+ 55. Kd2 Kxe4 56. Re1+ Kd5 57. Rc1 f5 58. Ke2 f4 59. Nb6+ Ke4 60. Rf1
Rxa3 61. Nc4 Ra2+ 62. Ke1 Ra1+ 63. Ke2 f3+ 64. Rxf3 Ra2+ 65. Nd2+ Rxd2+ 0-1